00398nam a2200169Ia 4500008004100000020001800041245001500059245003900074260001500113260001600128260000900144300001400153300002500167300001000192500000700202999001900209170705s9999 xx 000 0 und d a9780439500708 aI stink! / cby Kate McMullan and Jim McMullan. aNew York : bScholastic, c2002 aunpaged : bcolor illustration ; c21cm. aBR c337117d337117